[Event "7. LGA Premium Cup"]
[Site "Nürnberg"]
[Date "2010.09.04"]
[Round "4.83"]
[White "Anicic, Dragan"]
[Black "Thürauf, Peter"]
[Result "0-1"]
[WhiteElo "1468"]
[BlackElo "1920"]
[PlyCount "84"]
[EventDate "2010.09.02"]
[WhiteTeam "SC Noris-Tarrasch Nürnberg 1873"]
[BlackTeam "SW Nürnberg Süd e.V."]

1. d4 d5 2. c4 c6 3. Nf3 e6 4. Nc3 Bd6 5. g3 f5 6. Bg2 Nf6 7. O-O Nbd7 8. Ng5
Qe7 9. c5 Bb8 10. b4 h6 11. Nf3 a6 12. Nh4 Qf7 13. a4 g5 14. Nf3 O-O 15. Qc2 f4
16. e4 g4 17. exd5 Nxd5 18. Nxd5 gxf3 19. Ne7+ Kg7 20. Bxf3 Qxe7 21. Kg2 Nf6
22. Bd2 Nd5 23. Qe4 Bd7 24. Rae1 Bc7 25. Bd1 Rf6 26. g4 Rh8 27. f3 Kf8 28. h4
Rf7 29. Rh1 Rg7 30. Kf2 Rhg8 31. Reg1 Qf6 32. h5 Rg5 33. Bc2 e5 34. dxe5 Bxe5
35. Re1 R8g7 36. b5 Bd4+ 37. Kg2 Re7 38. Qd3 Rge5 39. Rxe5 Rxe5 40. Kh3 Rxh5+
41. Kg2 Rxh1 42. Kxh1 Qh4+ 0-1

[Event "7. LGA Premium Cup"]
[Site "Nürnberg"]
[Date "2010.09.04"]
[Round "4.84"]
[White "Neumann, Robert"]
[Black "Dreiseitel, Werner"]
[Result "1-0"]
[WhiteElo "1882"]
[BlackElo "1487"]
[PlyCount "63"]
[EventDate "2010.09.02"]
[WhiteTeam "SC Noris-Tarrasch Nürnberg 1873"]
[BlackTeam "SC Noris-Tarrasch Nürnberg 1873"]

1. c4 c5 2. Nf3 g6 3. d4 cxd4 4. Nxd4 Bg7 5. Nc3 e6 6. g3 Ne7 7. Bg2 a6 8. O-O
O-O 9. Be3 Nbc6 10. Nxc6 bxc6 11. Qc2 d5 12. Bc5 Re8 13. Rfd1 Qc7 14. Rac1 Bb7
15. Na4 Nc8 16. Qb3 Rb8 17. Qa3 Ba8 18. Be3 Qa5 19. b3 Nb6 20. Bd2 Nxc4 21.
bxc4 Bb2 22. Bxa5 Bxa3 23. Rb1 dxc4 24. Nb6 Rxb6 25. Rxb6 Bc5 26. Rbb1 Rc8 27.
Rdc1 Bd4 28. Rxc4 c5 29. Bxa8 Rxa8 30. e3 Bf6 31. Rxc5 Rd8 32. Bxd8 1-0

[Event "7. LGA Premium Cup"]
[Site "Nürnberg"]
[Date "2010.09.04"]
[Round "4.85"]
[White "Beesk, Kevin"]
[Black "Schweisgut, Jens"]
[Result "1/2-1/2"]
[WhiteElo "1547"]
[BlackElo "1790"]
[PlyCount "34"]
[EventDate "2010.09.02"]
[WhiteTeam "SK Neumarkt e.V."]
[BlackTeam "SV Alsfeld"]

1. Nc3 d5 2. e4 dxe4 3. Nxe4 Nf6 4. Nxf6+ exf6 5. d4 Be6 6. Nf3 c6 7. g3 Bd6 8.
c3 Nd7 9. Bg2 Nb6 10. O-O Qd7 11. Re1 h5 12. h4 Kf8 13. b3 Rd8 14. Bb2 Bh3 15.
c4 Bxg2 16. Kxg2 Bb8 17. Qe2 Nc8 1/2-1/2

[Event "7. LGA Premium Cup"]
[Site "Nürnberg"]
[Date "2010.09.04"]
[Round "4.86"]
[White "Rösch, Mario"]
[Black "Münzenberg, Dietrich"]
[Result "1-0"]
[WhiteElo "1775"]
[BlackElo "1604"]
[PlyCount "58"]
[EventDate "2010.09.02"]
[WhiteTeam "SK Freiburg Zähringen 1887 e.V."]
[BlackTeam "Spvg Zabo-Eintracht Nürnberg e.V"]

1. e4 c6 2. d4 d5 3. Nc3 dxe4 4. Nxe4 Nd7 5. Ng5 e6 6. Bd3 Ngf6 7. N1f3 h6 8.
Ne4 Nxe4 9. Bxe4 Nf6 10. Bd3 Bd6 11. Bd2 b6 12. Qe2 Qe7 13. O-O-O a5 14. Ne5
Qc7 15. f4 b5 16. Rhf1 O-O 17. g4 Nd5 18. g5 Nb4 19. gxh6 g6 20. Rg1 Nxd3+ 21.
Qxd3 Bxe5 22. fxe5 Kh7 23. Rdf1 Rg8 24. h4 Ra7 25. Rf6 Qe7 26. h5 Qe8 27. Rgf1
b4 28. Qf3 Rf8 29. hxg6+ Kg8 1-0

[Event "7. LGA Premium Cup"]
[Site "Nürnberg"]
[Date "2010.09.04"]
[Round "4.87"]
[White "Wittenbrock, Frank"]
[Black "Zeug, Klaus-Peter"]
[Result "1-0"]
[WhiteElo "1937"]
[BlackElo "1440"]
[PlyCount "73"]
[EventDate "2010.09.02"]
[WhiteTeam "Schachklub Halle 1946 e.V."]
[BlackTeam "SK Nürnberg 1911 e.V."]

1. d4 d5 2. Nf3 c6 3. c4 Nf6 4. Nc3 dxc4 5. a4 Bf5 6. Nh4 Bd7 7. e4 e6 8. e5
Nd5 9. Nf3 b5 10. Bd2 Be7 11. b3 Nxc3 12. Bxc3 b4 13. Bd2 c3 14. Be3 a5 15. h4
Bc8 16. Bd3 Bb7 17. Bc2 Ba6 18. Ng5 Bxg5 19. Bxg5 Qd5 20. Qg4 h5 21. Qf4 Qd7
22. O-O-O Bb7 23. Qg3 Na6 24. f4 Nc7 25. Qf2 Ba6 {(=)} 26. f5 exf5 27. Bxf5 Ne6
28. Kc2 Qd5 29. Rhe1 Bc8 30. Be4 Qd7 31. d5 cxd5 32. Bxd5 Qa7 33. Be3 Qb8 34.
Bc6+ Ke7 35. Bc5+ Nxc5 36. Qxc5+ Ke6 37. Rd6+ 1-0

[Event "7. LGA Premium Cup"]
[Site "Nürnberg"]
[Date "2010.09.04"]
[Round "4.88"]
[White "Bilchinski, Anton"]
[Black "Mehringer, Jörg"]
[Result "0-1"]
[WhiteElo "1713"]
[BlackElo "1904"]
[PlyCount "116"]
[EventDate "2010.09.02"]
[WhiteTeam "SK 1908 Göggingen"]
[BlackTeam "SC Weisse Dame e.V."]

1. d4 Nf6 2. c4 e5 3. dxe5 Ne4 4. Nf3 d6 5. exd6 Bxd6 6. a3 Nxf2 7. Qd4 Nxh1 8.
c5 Bf8 9. Qxd8+ Kxd8 10. Be3 Be6 11. g3 c6 12. Bg2 Nxg3 13. hxg3 Be7 14. Nc3
Nd7 15. O-O-O Ke8 16. b4 Rd8 17. Nd4 Bg4 18. Bf3 Ne5 19. Bxg4 Nxg4 20. Bg1 Bg5+
21. Kb1 Be3 22. Bxe3 Nxe3 23. Rd3 Nd5 24. Nf5 Nxc3+ 25. Rxc3 Kd7 26. Nd6 Rdf8
27. Nxb7 h5 28. Nd6 Rh6 29. Rd3 Kc7 30. Re3 Re6 31. Rxe6 fxe6 32. Kc2 Kd7 33.
Kd2 Rf1 34. Ke3 Ra1 35. Nc4 Rc1 36. Ne5+ Kc7 37. a4 Rb1 38. Nd3 Rf1 39. Nf4 Kd7
40. Nd3 g5 41. Ne5+ Kc7 42. Nf3 h4 43. gxh4 gxh4 44. Nxh4 Rb1 45. b5 cxb5 46.
axb5 Rxb5 47. Nf3 Rxc5 48. Kd4 Kd6 49. e3 a5 50. Nd2 Rd5+ 51. Kc3 Rxd2 52. Kxd2
Ke5 53. Kd3 a4 54. Kc3 Ke4 55. Kb4 Kxe3 56. Kxa4 Kf2 57. Kb4 e5 58. Kc4 e4 0-1

[Event "7. LGA Premium Cup"]
[Site "Nürnberg"]
[Date "2010.09.04"]
[Round "4.89"]
[White "Kurz, Leonhard"]
[Black "Grasser, Stefan"]
[Result "0-1"]
[WhiteElo "1599"]
[BlackElo "1800"]
[PlyCount "36"]
[EventDate "2010.09.02"]
[WhiteTeam "SK Nürnberg 1911 e.V."]
[BlackTeam "SV Hellern"]

1. e4 c5 2. Nf3 Nc6 3. Nc3 d6 4. d4 cxd4 5. Nxd4 e5 6. Nb3 Nf6 7. Bc4 h6 8. Be3
Be7 9. Qd2 Ng4 10. O-O-O Nxe3 11. Qxe3 Bg5 12. Nb5 Bxe3+ 13. fxe3 O-O 14. Nxd6
Qe7 15. Nc5 b6 16. Nxc8 Raxc8 17. Nd3 Nb4 18. Nf2 Rxc4 0-1

[Event "7. LGA Premium Cup"]
[Site "Nürnberg"]
[Date "2010.09.04"]
[Round "4.90"]
[White "Strobl, Helmut"]
[Black "Belich, Maxim"]
[Result "1-0"]
[WhiteElo "1789"]
[BlackElo "1591"]
[PlyCount "107"]
[EventDate "2010.09.02"]
[WhiteTeam "SK Mering"]
[BlackTeam "SW Nürnberg Süd e.V."]

1. c4 Nf6 2. g3 g6 3. Bg2 Bg7 4. Nc3 c6 5. e4 e5 6. Nge2 d6 7. O-O O-O 8. d3
Be6 9. Qb3 Qd7 10. a4 Na6 11. f4 Bh3 12. Rf2 Bxg2 13. Kxg2 Nc5 14. Qd1 Nh5 15.
f5 Bh8 16. b4 Na6 17. Rb1 Nc7 18. g4 Nf6 19. Ng3 d5 20. g5 Nfe8 21. Ba3 dxc4
22. dxc4 Qd4 23. Qxd4 exd4 24. Nce2 Nd6 25. b5 Rfd8 26. bxc6 bxc6 27. Bxd6 Rxd6
28. f6 c5 29. Nf4 Ne6 30. Nxe6 Rxe6 31. Rfb2 Rae8 32. Kf3 h5 33. h4 Bxf6 34.
gxf6 Rxf6+ 35. Ke2 Rf4 36. Rb8 Rxb8 37. Rxb8+ Kg7 38. Rc8 Rxh4 39. Rxc5 Rh2+
40. Kf3 Ra2 41. a5 Ra3+ 42. Kf4 Ra1 43. Rd5 Rd1 44. c5 h4 45. Ne2 d3 46. Nc3
Rd2 47. Kg4 Rh2 48. Rxd3 Rh1 49. c6 f5+ 50. exf5 gxf5+ 51. Kf3 Rh3+ 52. Ke2
Rxd3 53. Kxd3 h3 54. Nd1 1-0

[Event "7. LGA Premium Cup"]
[Site "Nürnberg"]
[Date "2010.09.04"]
[Round "4.91"]
[White "Ratscheu, Stefan"]
[Black "Babichev, Vyacheslav"]
[Result "0-1"]
[WhiteElo "1307"]
[BlackElo "1785"]
[PlyCount "78"]
[EventDate "2010.09.02"]
[WhiteTeam "SC Postbauer-Heng e.V"]
[BlackTeam "SW Nürnberg Süd e.V."]

1. c4 Nf6 2. g3 g6 3. Bg2 Bg7 4. Nc3 O-O 5. Nf3 d6 6. d3 Bd7 7. O-O Nc6 8. e4
h6 9. Be3 Ng4 10. Bd2 Qc8 11. h3 Nge5 12. Nxe5 Nxe5 13. Nd5 Re8 14. Qe2 Bxh3
15. Nf4 Bxg2 16. Nxg2 Kh7 17. Bc3 f6 18. Rad1 c5 19. a3 Qh3 20. Nf4 Qc8 21. Ng2
h5 22. Bxe5 dxe5 23. Kh2 Rh8 24. Rh1 Kg8 25. Kg1 Kf7 26. f4 Qd7 27. Qf3 Qd4+
28. Qf2 Rad8 29. Qxd4 Rxd4 30. fxe5 fxe5 31. Ne1 Rhd8 32. Rh2 Rxe4 33. Rf2+ Bf6
34. Nf3 Kg7 35. b3 Re3 36. Ne1 Rxg3+ 37. Kh2 Re3 38. Rfd2 e4 39. Kg2 Bh4 0-1

[Event "7. LGA Premium Cup"]
[Site "Nürnberg"]
[Date "2010.09.04"]
[Round "4.92"]
[White "Bayer, Rolf"]
[Black "Dreiseitel, Ursula"]
[Result "1-0"]
[WhiteElo "1732"]
[BlackElo "1533"]
[PlyCount "63"]
[EventDate "2010.09.02"]
[WhiteTeam "SC Noris-Tarrasch Nürnberg 1873"]
[BlackTeam "SC Noris-Tarrasch Nürnberg 1873"]

1. e4 d6 2. d4 Nf6 3. Nc3 g6 4. Bc4 Bg7 5. f3 O-O 6. Be3 Nbd7 7. Qd2 Re8 8.
Nge2 c5 9. Rd1 a6 10. dxc5 dxc5 11. a4 Qc7 12. O-O b6 13. Nd5 Nxd5 14. Qxd5 Ne5
15. Qxa8 Nxc4 16. Bf4 e5 17. Bc1 Nd6 18. Qd5 Rd8 19. Qd2 Be6 20. Nc3 Qb8 21. b3
f6 22. Qf2 Rc8 23. Nd5 Kf7 24. Qd2 Bf8 25. Qe3 Rd8 26. f4 Bh6 27. Qf3 exf4 28.
Bxf4 Bg7 29. e5 Bxd5 30. Qxd5+ Ke7 31. exd6+ Kd7 32. Qf7+ 1-0

[Event "7. LGA Premium Cup"]
[Site "Nürnberg"]
[Date "2010.09.04"]
[Round "4.93"]
[White "Krawczyk, Harald"]
[Black "Homfeldt, Maren"]
[Result "1-0"]
[WhiteElo "1723"]
[BlackElo "785"]
[PlyCount "75"]
[EventDate "2010.09.02"]
[WhiteTeam "SV Rot-Weiß Neuenhagen"]
[BlackTeam "SC Noris-Tarrasch Nürnberg 1873"]

1. e4 e6 2. d4 d5 3. e5 Bd7 4. Nf3 c5 5. c3 Qb6 6. Be2 Bb5 7. O-O Bxe2 8. Qxe2
Nd7 9. Be3 Ne7 10. dxc5 Nxc5 11. b4 Qa6 12. Qxa6 Nxa6 13. Nd4 Nc6 14. Nxc6 bxc6
15. Nd2 c5 16. a3 Be7 17. Nb3 Rc8 18. Rfc1 Rc7 19. Nd2 O-O {(=)} 20. f4 cxb4
21. axb4 Nxb4 22. cxb4 Rxc1+ 23. Rxc1 Bxb4 24. Nb3 a5 25. Bc5 Bxc5+ 26. Rxc5 a4
27. Nd4 h6 28. Ra5 Rc8 29. Rxa4 Rc1+ 30. Kf2 Rd1 31. Kg3 Rd3+ 32. Nf3 f6 33. h4
Rxf3+ 34. Kxf3 fxe5 35. fxe5 Kf7 36. h5 g6 37. Ra7+ Ke8 38. hxg6 1-0